000 00774nam a22002417a 4500
003 UA-OsUOA
001 35256
007 ta
008 20051114b un ||||| |||| 00| 0 ukr d
100 _aЯришева Н. Ф.
090 _a502.2(477)
_bЯ72
942 _cBK
040 _aUA-OsUOA
_bukr
_cUA-OsUOA
_dUA-OsUOA
245 _aОснова природознавства: Природа України
_bНавчальний посібник
300 _a335 с.
955 _a2
041 _aukr
080 _a502.2(477)
020 _a5-11-003796-5
260 _aК.
_bВища школа
_c1995
650 7 _a502 Природа. Дослідження природи та її збереження. Захист живої природи
_2UDC
999 _c321593
_d321593